10 Smallest Countries in North America Quiz Stats

 Plays Quiz Updated Mar 13, 2015

Challenge
Share
Tweet
Embed
Score 0/10 Timer 04:00
10 Plays Today
% Correct
Saint Lucia
88%
Saint Kitts and Nevis
87.8%
Saint Vincent and the Grenadines
84.7%
Antigua and Barbuda
83.8%
Barbados
81.8%
Grenada
80.8%
Trinidad and Tobago
79.3%
Dominica
76.7%
The Bahamas
74.6%
Jamaica
47.4%

You're not logged in!

Compare scores with friends on all Sporcle quizzes.
OR
Log In

You Might Also Like...

Show Comments

Extras

Top Quizzes Today


Score Distribution

Your Account Isn't Verified!

In order to create a playlist on Sporcle, you need to verify the email address you used during registration. Go to your Sporcle Settings to finish the process.

Report this User

Report this user for behavior that violates our Community Guidelines.

Details: